00725nam a2200181 4500001000700000003000900007005001700016007000300033008004100036245014800077260005400225300002200279700003900301710004300340852002100383999001900404952012000423113959ES-MaACL20251002201228.0t|061121s1934 pe r ||||1| spa d00aRicardo Palma, 1833-1933 b: [recopilación de las producciones dedicadas al Centanario de su nacimiento / cpor la Sociedad Amigos de Palma]. aLima : b[s. n.], c1934 (fComp. de Impresiones) a341 p. ; c21 cm.1 aPalma, Ricardo, d1833-19199886162 aSociedad Amigos de Palma (Lima) 96628 aES-MaACLjA-2512 c113959d113959 00104070aATENEOMbATENEOMcSPP1d2008-01-17eSCl0oA-2512p1118847r2023-02-23 00:00:00w2023-02-23yMONOGRAFIA